| 000 | 01094cam a22002651i 4500 | ||
|---|---|---|---|
| 003 | SA-RiAUC | ||
| 005 | 20250826032958.0 | ||
| 008 | 250822s1982 mk g f00000 ara c | ||
| 040 |
_aSA-RiAUC _bara _cSA-RiAUC _erda |
||
| 082 | 0 | 4 |
_a248.2 _qSA-RiAUC |
| 090 |
_a248.2 _bا ط ف |
||
| 100 | 1 |
_aأطفيش، محمد بن يوسف بن عيسى، _d1236-1332 هجري _eمؤلف. |
|
| 245 | 1 | 0 |
_aإزالة الاعتراض عن محقي آل إباض / _cتأليف محمد يوسف أطفيش. |
| 264 | 1 |
_aمسقط : _bوزارة التراث القومي والثقافة، _c1982. |
|
| 300 |
_a56 صفحة ؛ _c18 سم. |
||
| 336 |
_aنص _btxt _2rdacontent _3كتاب |
||
| 337 |
_aبدون وسيط _bn _2rdamedia |
||
| 338 |
_aمجلد _bnc _2rdacarrier |
||
| 490 | 1 |
_aتراثنا ؛ _v29 |
|
| 650 | 7 |
_aالأباضية (فرقة إسلامية) _2aucsh |
|
| 650 | 7 |
_aفقه الأباضية _2aucsh |
|
| 830 | 0 |
_aتراثنا (عمان (سلطنة). وزارة التراث القومي والثقافة) _v29 |
|
| 942 |
_2ddc _cBOOK _n0 |
||
| 949 |
_aSA-JeALM _d250822 _umohamedma123 _n1 |
||
| 999 |
_c11100 _d11100 |
||